[Event "Pereira Fiestas de la Cosecha op"]
[Site "Pereira"]
[Date "2023.08.25"]
[Round "3"]
[White "Diaz Larrea, Juan Manuel"]
[Black "Valdes Martinez, Miguel A"]
[Result "0-1"]
[WhiteElo "1862"]
[BlackElo "2100"]
[PlyCount "48"]
[EventDate "2023.08.24"]
[EventType "swiss"]
[EventRounds "7"]
[EventCountry "COL"]
[SourceTitle "CBM 216 Extra"]
[Source "ChessBase"]
[SourceDate "2023.11.30"]
[SourceVersion "1"]
[SourceVersionDate "2023.11.30"]
[SourceQuality "1"]

1. e4 c5 2. Nf3 Nc6 3. d4 cxd4 4. Nxd4 e5 5. Nb5 d6 6. c4 g6 7. Bd3 Be6 8. 0-0 a6 9. N5c3 Bg7 10. Nd5 Nf6 11. Nbc3 0-0 12. Bg5 Bxd5 13. Nxd5 Nd4 14. Qd2 Ne6 15. Bh4 Nxe4 16. Ne7+ Qxe7 17. Bxe7 Nxd2 18. Bxf8 Kxf8 19. Rfd1 Bh6 20. g3 e4 21. Be2 Nd4 22. Bf1 Nc2 23. Rxd2 Bxd2 24. Rd1 e3 0-1

[Event "Cali Valle Colombia op-A"]
[Site "Cali Valle Colombia"]
[Date "2022.12.30"]
[Round "9"]
[White "Valdes Martinez, Miguel A"]
[Black "Carrasco Jacome, Bryan Ricardo"]
[Result "0-1"]
[WhiteElo "2104"]
[BlackElo "2150"]
[PlyCount "88"]
[EventDate "2022.12.26"]
[EventType "swiss"]
[EventRounds "9"]
[EventCountry "COL"]
[SourceTitle "CBM 211 Extra"]
[Source "ChessBase"]
[SourceDate "2023.01.31"]
[SourceVersion "1"]
[SourceVersionDate "2023.01.31"]
[SourceQuality "1"]

1. e4 c5 2. Nf3 Nc6 3. b4 cxb4 4. d4 g6 5. a3 bxa3 6. d5 Bg7 7. c3 Ne5 8. Nxe5 Bxe5 9. f4 Bg7 10. Rxa3 d6 11. Bb5+ Bd7 12. Bxd7+ Qxd7 13. 0-0 Nf6 14. Qf3 0-0 15. Be3 Qc7 16. Nd2 Nd7 17. h4 b5 18. e5 dxe5 19. f5 Nf6 20. Ra6 Qxc3 21. Rxf6 exf6 22. Ne4 Qd3 23. h5 Rac8 24. h6 Bh8 25. Rd1 Qb3 26. d6 Rfd8 27. Nc5 Qc2 28. Nb7 e4 29. Qg4 Qb3 30. Bxa7 Rd7 31. fxg6 hxg6 32. Nc5 f5 33. h7+ Kg7 34. Qe2 Qa3 35. Qxb5 Qxa7 36. Qxd7 Qxc5+ 37. Kh1 f4 38. Rb1 f3 39. Rb7 Qc1+ 40. Kh2 Qf4+ 41. Kh3 Rc5 42. g4 Rc2 43. Qxf7+ Qxf7 44. d7 f2 0-1

[Event "Cali Valle Colombia op-A"]
[Site "Cali Valle Colombia"]
[Date "2022.12.29"]
[Round "7"]
[White "Valdes Martinez, Miguel A"]
[Black "Guerra Tulcan, Lenin"]
[Result "1-0"]
[WhiteElo "2104"]
[BlackElo "2340"]
[PlyCount "93"]
[EventDate "2022.12.26"]
[EventType "swiss"]
[EventRounds "9"]
[EventCountry "COL"]
[SourceTitle "CBM 211 Extra"]
[Source "ChessBase"]
[SourceDate "2023.01.31"]
[SourceVersion "1"]
[SourceVersionDate "2023.01.31"]
[SourceQuality "1"]

1. d4 Nf6 2. Nf3 e6 3. e3 c5 4. Bd3 b6 5. 0-0 Bb7 6. Nbd2 Be7 7. c3 0-0 8. e4 d6 9. Qe2 cxd4 10. cxd4 Nbd7 11. Re1 e5 12. Nf1 Re8 13. Ng3 exd4 14. Nxd4 d5 15. Bb5 a6 16. Nc6 Qc7 17. Nxe7+ Rxe7 18. Bxd7 Nxd7 19. Be3 Rae8 20. Bd4 f6 21. Rac1 Qf4 22. Be3 Qb8 23. Red1 Re5 24. Bf4 Nc5 25. Bxe5 Qxe5 26. b4 Nxe4 27. Nxe4 dxe4 28. Rd7 Bd5 29. Rcc7 f5 30. Qd2 Be6 31. Rxg7+ Qxg7 32. Rxg7+ Kxg7 33. Qd4+ Kg8 34. Qxb6 f4 35. Qd6 Bxa2 36. Qxf4 Bf7 37. Qg5+ Bg6 38. h4 Kf8 39. h5 Bf7 40. h6 Re6 41. Qg7+ Ke7 42. Qxh7 Rg6 43. Qh8 Bg8 44. h7 Bxh7 45. Qxh7+ Kf6 46. Qh5 Rg5 47. Qe2 1-0

[Event "Cali Valle Colombia op-A"]
[Site "Cali Valle Colombia"]
[Date "2022.12.28"]
[Round "5"]
[White "Valdes Martinez, Miguel A"]
[Black "Mora Munoz, Alejandro"]
[Result "1/2-1/2"]
[WhiteElo "2104"]
[BlackElo "1931"]
[PlyCount "83"]
[EventDate "2022.12.26"]
[EventType "swiss"]
[EventRounds "9"]
[EventCountry "COL"]
[SourceTitle "CBM 211 Extra"]
[Source "ChessBase"]
[SourceDate "2023.01.31"]
[SourceVersion "1"]
[SourceVersionDate "2023.01.31"]
[SourceQuality "1"]

1. e4 c5 2. Nf3 d6 3. d4 cxd4 4. Nxd4 Nf6 5. Nc3 a6 6. Bc4 e6 7. Bb3 Nbd7 8. 0-0 Nc5 9. f4 Nxb3 10. axb3 Be7 11. e5 dxe5 12. fxe5 Bc5 13. Be3 Nd5 14. Bf2 Nxc3 15. bxc3 0-0 16. Qh5 Qd5 17. Rae1 b5 18. Re3 Bxd4 19. cxd4 Bb7 20. Rg3 f5 21. c4 bxc4 22. bxc4 Qd7 23. Rh3 g6 24. Qh6 Rf7 25. Qf4 Qc6 26. d5 exd5 27. e6 Re7 28. Bd4 dxc4 29. Qg5 Rxe6 30. Rg3 Qd6 31. Bc3 Rf8 32. h4 f4 33. Rg4 Qd3 34. Rgxf4 Rxf4 35. Rxf4 Re2 36. Rg4 Qxc3 37. Qd8+ Kg7 38. Qc7+ Kh6 39. Qf4+ Kg7 40. Qc7+ Kh6 41. Qf4+ Kg7 42. Qc7+ 1/2-1/2

[Event "Pereira Fiestas de la Cosecha"]
[Site "Pereira"]
[Date "2022.08.25"]
[Round "3"]
[White "Prasca Sosa, Rafael Felipe"]
[Black "Valdes Martinez, Miguel A"]
[Result "1/2-1/2"]
[WhiteElo "2348"]
[BlackElo "2113"]
[PlyCount "120"]
[EventDate "2022.08.24"]
[EventType "swiss"]
[EventRounds "10"]
[EventCountry "COL"]
[SourceTitle "CBM 210 Extra"]
[Source "ChessBase"]
[SourceDate "2022.11.30"]
[SourceVersion "1"]
[SourceVersionDate "2022.11.30"]
[SourceQuality "1"]

1. e4 c5 2. Nf3 e6 3. Nc3 Nc6 4. d4 cxd4 5. Nxd4 Qc7 6. g3 a6 7. Bg2 Nf6 8. 0-0 Be7 9. Nb3 h5 10. h3 d6 11. Qe2 b5 12. a3 Bb7 13. f4 Nd7 14. Be3 Nb6 15. a4 b4 16. a5 Nd7 17. Na4 h4 18. g4 g5 19. Nb6 Rd8 20. Nxd7 Rxd7 21. f5 e5 22. f6 Bf8 23. Bxg5 Nd8 24. c3 Ne6 25. Be3 bxc3 26. Rac1 Bh6 27. Rxc3 Qd8 28. Rf5 Nf4 29. Qd2 Rg8 30. Bxf4 Bxf4 31. Rxf4 exf4 32. Qxf4 Rc7 33. Rd3 Rc2 34. Rxd6 Qc7 35. Qe5+ Kf8 36. Qd4 Ke8 37. Nd2 Rc1+ 38. Bf1 Rg5 39. Nc4 Bc6 40. b3 Bb5 41. e5 Bxc4 42. bxc4 Qxa5 43. Qa7 Rxf1+ 44. Kxf1 Qa1+ 45. Kg2 Qb2+ 46. Qf2 Qxe5 47. Rd4 Qe6 48. Qf3 Rc5 49. Qe4 a5 50. Qa8+ Rc8 51. Qe4 a4 52. Qxe6+ fxe6 53. Rd6 Kf7 54. Ra6 Rxc4 55. g5 Rc5 56. Ra7+ Kf8 57. Ra8+ Kf7 58. Ra7+ Kf8 59. Ra8+ Kf7 60. Ra7+ Kf8 1/2-1/2

[Event "Adelquis Remon Memorial-D"]
[Site "Holguin"]
[Date "2017.11.05"]
[Round "7.2"]
[White "Valdes Martinez, Miguel A"]
[Black "Sanchez Suarez, Miguel Gelasio"]
[Result "1/2-1/2"]
[WhiteElo "2181"]
[BlackElo "2164"]
[PlyCount "91"]
[EventDate "2017.11.02"]
[EventType "tourn"]
[EventRounds "10"]
[EventCountry "CUB"]
[SourceTitle "EXT 2023"]
[Source "ChessBase"]
[SourceDate "2022.10.05"]
[SourceVersion "1"]
[SourceVersionDate "2022.10.05"]
[SourceQuality "1"]

1. e4 e6 2. d4 d5 3. Nd2 dxe4 4. Nxe4 Nd7 5. Nf3 Be7 6. Bd3 Ngf6 7. Qe2 Nxe4 8. Bxe4 Nf6 9. Bxb7 Bxb7 10. Qb5+ Qd7 11. Qxb7 0-0 12. 0-0 a5 13. Qb3 h6 14. c3 c5 15. Bf4 cxd4 16. Nxd4 Bd6 17. Bxd6 Qxd6 18. a4 Ng4 19. g3 Rab8 20. Qd1 h5 21. Nb5 Qc6 22. Qe2 Rfd8 23. Rad1 Rd5 24. Rxd5 Qxd5 25. Qd1 Qg5 26. Qf3 Rd8 27. Rd1 Rd2 28. Rxd2 Qxd2 29. h3 Qe1+ 30. Kg2 Nf6 31. Qa8+ Kh7 32. Nd6 Nd5 33. c4 Ne3+ 34. fxe3 Qd2+ 35. Kf3 Qd1+ 36. Kf2 Qd2+ 37. Kf3 Qd1+ 38. Kf4 Qxd6+ 39. Kf3 Qd1+ 40. Kf2 Qd2+ 41. Kf3 Qc1 42. Qxa5 Qf1+ 43. Ke4 Qxc4+ 44. Kf3 Qf1+ 45. Ke4 Qb1+ 46. Kf3 1/2-1/2

[Event "Adelquis Remon Memorial-D"]
[Site "Holguin"]
[Date "2017.11.04"]
[Round "5.1"]
[White "Valdes Martinez, Miguel A"]
[Black "Romero Arzuaga, Yudel"]
[Result "1-0"]
[WhiteElo "2181"]
[BlackElo "2162"]
[PlyCount "81"]
[EventDate "2017.11.02"]
[EventType "tourn"]
[EventRounds "10"]
[EventCountry "CUB"]
[SourceTitle "EXT 2023"]
[Source "ChessBase"]
[SourceDate "2022.10.05"]
[SourceVersion "1"]
[SourceVersionDate "2022.10.05"]
[SourceQuality "1"]

1. e4 e5 2. Nf3 Nc6 3. Nc3 d6 4. Bb5 Nge7 5. d4 a6 6. Ba4 b5 7. Bb3 Nxd4 8. Nxd4 exd4 9. Nd5 c5 10. Nxe7 Bxe7 11. Bd5 Rb8 12. f4 Bb7 13. Bxb7 Rxb7 14. 0-0 0-0 15. f5 f6 16. Rf3 Re8 17. Rh3 Bf8 18. Qh5 h6 19. Qg6 Rxe4 20. Bxh6 Qe8 21. Qg3 Rbe7 22. Bd2 R7e5 23. Rf1 Re2 24. Qd3 Qc6 25. Rg3 Qd5 26. Bf4 R5e4 27. b3 c4 28. Qd1 Qxf5 29. Be3 R2xe3 30. Rxe3 Rf4 31. Rxf4 Qxf4 32. Re8 d3 33. cxd3 Qd4+ 34. Kf1 cxd3 35. Qd2 Kf7 36. Qe3 Qa1+ 37. Qe1 Qd4 38. Qe6+ Kg6 39. Qe4+ Qxe4 40. Rxe4 Kf5 41. Re8 1-0